000 02066nam a2200253Ia 4500
003 CO-CtgCURN
005 20250407182446.0
008 190723s2002 xx 000 0 und d
020 _a9583504076
040 _aCO-CtgCURN
_bspa
_ccoctgcurn
082 _a346.022
_bO839
100 _aOspina Acosta, Eduardo
_eautor
_99660
245 0 _aLa lesión enorme en la cátedra y en el foro /
_cEduardo Ospina Acosta
260 _aBogotá, Colombia :
_bEditorial Temis,
_c2002
300 _a178 páginas ;
_c23 centímetros
500 _aIncluye introducción e índice
504 _aIncluye referencias bibliográficas (p. [175]-176)
505 _aCap. I. La reparación, presentación e inscripción de la demanda -- Regalas generales -- Cap. II. La demanda -- Las pretensiones -- Los hechos -- Las medidas cautelares -- Cap. III. Las mediadas cautelares -- Reglas generales -- Cap. IV. La contestación de la demanda -- Pronunciamiento sobre las pretensiones y los hechos de la demanda -- Las excepciones -- El derecho de retención -- Cap. V. Las pruebas -- El tema de la prueba en la lesión enorme -- Las pruebas del demandante Las pruebas del demandado -- Cap. VI. La sentencia -- Cap. VII. La lesión enorme en la permuta -- Cap. VIII. La lesión enorme en las particiones de bienes -- - Reglas generales -- Cap. IX. La lesión enorme en la aceptación de las asignaciones sucesorales -- Cap. X. La lesión enorme en la estipulación de intereses en el mutuo -- Reglas generales -- Cap. XI. La lesión enorme en la estipulación de intereses en la anticresis -- Reglas generales -- Cap. XII. La cláusula penal enorme -- Reglas generales -- Cap. XIII. La lesión enorme en el código de comercio -- El derogado código de comercio terrestre -- La regulación en la cláusula penal -- Limites a los intereses comerciales.
521 _aAREA PROFESIONAL
590 _aPrograma de Derecho_18
650 _aObligaciones (Derecho)
_99661
942 _cBK
_h346.022
_iO839
_2ddc
_n0
999 _c29178
_d29178